The reporting of risk in real estate appraisal property risk scoring (Record no. 75343)

MARC details
000 -LEADER
fixed length control field 01469cab a2200193 4500
001 - CONTROL NUMBER
control field L129913
008 - FIXED-LENGTH DATA ELEMENTS--GENERAL INFORMATION
fixed length control field 050603n2005 000 0 eng u
035 ## - SYSTEM CONTROL NUMBER
System control number (Sirsi) u129913
041 ## - LANGUAGE CODE
Language code of text/sound track or separate title eng
100 ## - MAIN ENTRY--PERSONAL NAME
Personal name Adair, Alastair
245 #4 - TITLE STATEMENT
Title The reporting of risk in real estate appraisal property risk scoring
260 ## - PUBLICATION, DISTRIBUTION, ETC.
Date of publication, distribution, etc. 2005
490 ## - SERIES STATEMENT
Series statement Journal of Property Investment and Finance
Volume/sequential designation 23(3) 2005, 254-268(15)
520 ## - SUMMARY, ETC.
Summary, etc. Aims to examine financial risk management within investment decision-making and the property industry, drawing on recent findings. Also to present an alternative paradigm for the reporting of risk based on techniques used within business applications. In particular it applies a standard credit-rating technique based on the D and B model, to report the level of risk within property pricing/property risk scoring. The UK valuation profession has been criticised for inconsistencies and failures to reflect risk and uncertainty in certain valuation assignments, such as the pricing of urban regeneration land. The IPF/IPD have also concluded that a new approach is needed which combines conventional analysis of returns uncertainty with a more comprehensive survey of business risks. This area has also been highlighted by the Carsberg Report (L129322). [Taken from journal abstract.]
590 ## - LOCAL NOTE (RLIN)
Local note IKA070605
690 ## - LOCAL SUBJECT ADDED ENTRY--TOPICAL TERM (OCLC, RLIN)
Topical term or geographic name as entry element PROPERTY-PROPERTY FINANCE AND INVESTMENT-PROPERTY INVESTMENT MANAGEMENT
700 ## - ADDED ENTRY--PERSONAL NAME
Personal name Hutchison, Norman
942 ## - ADDED ENTRY ELEMENTS (KOHA)
Suppress in OPAC 0
Holdings
Withdrawn status Lost status Source of classification or shelving scheme Damaged status Not for loan Home library Current library Shelving location Date acquired Total Checkouts Full call number Barcode Date last seen Copy number Price effective from Koha item type
    Dewey Decimal Classification     London London Journal article 03/06/2005   L129913 129913-1001 06/08/2019 1 06/08/2019 Journal article